Paris Saint-Germain - Tous les joueurs (2020-) - Statistiques

Statistiques générales
  • Ce quiz a été pris 357 fois
  • Le résultat moyen est 40 sur 69
Statistiques - réponses
Saisons Nationalité Joueur Nb de matchs % Correct
2023- France Ethan Mbappé 2
99%
2020- France Kylian Mbappé 128
99%
2020-2023 Brésil Neymar 60
97%
2021- Maroc Achraf Hakimi 84
96%
2021-2023 Argentine Lionel Messi 58
96%
2020-2023 Italie Marco Verratti 74
95%
2020- Brésil Marquinhos 110
95%
2021- Italie Gianluigi Donnarumma 80
93%
2020-2022, 2023- Costa Rica Keylor Navas 53
93%
2022- Portugal Vitinha 63
93%
2021- Portugal Nuno Mendes 55
90%
2023- Portugal Gonçalo Ramos 26
89%
2023- France Ousmane Dembélé 25
89%
2021-2023 Espagne Sergio Ramos 45
89%
2022- Espagne Fabian Ruiz 47
86%
2020- France Presnel Kimpembe 69
86%
2020-2022 Argentine Angel Di Maria 53
84%
2020-2022 Sénégal Idrissa Gueye 54
82%
2020- Portugal Danilo Pereira 107
81%
2023- Slovaquie Milan Skriniar 21
81%
2023- Corée du Sud Lee Kang-In 20
80%
2020-2022 Allemagne Julian Draxler 42
79%
2022- Espagne Carlos Soler 47
77%
2023- Uruguay Manuel Ugarte 23
77%
2022- France Warren Zaïre-Emery 51
75%
2020-2023 Argentine Leandro Paredes 39
74%
2023- France Randal Kolo Muani 25
74%
2023- France Bradley Barcola 23
73%
2023- France Lucas Hernandez 27
72%
2023- Brésil Lucas Beraldo 11
65%
2020-2023 Espagne Juan Bernat 46
64%
2023- Espagne Marco Asensio 16
64%
2020-2022 Allemagne Thilo Kehrer 51
64%
2020-2022 Pays-Bas Xavi Simons 7
63%
2021-2022 Pays-Bas Georginio Wijnaldum 31
59%
2020-2021, 2023- France Layvin Kurzawa 20
59%
2020-2022 Sénégal Abdou Diallo 34
56%
2020-2022 Argentine Mauro Icardi 44
54%
2020-2022 Espagne Ander Herrera 50
51%
2023- Espagne Arnau Tenas 4
51%
2022- France Nordi Mukiele 33
51%
2020-2021 Italie Alessandro Florenzi 21
50%
2020-2021 Pays-Bas Mitchel Bakker 26
50%
2020-2022 Espagne Sergio Rico 11
50%
2020-2021 Italie Moise Kean 26
49%
2020-2023 Espagne Pablo Sarabia 43
49%
2021- France Alexandre Letellier 2
45%
2023- France Senny Mayulu 5
43%
2020-2022 France Colin Dagba 28
42%
2020-2021 Pologne Marcin Bulka 1
39%
2022-2023 Portugal Renato Sanches 23
38%
2023-2024 Italie Cher Ndour 3
32%
2023- France Yoram Zague 2
32%
2020-2022 France Edouard Michut 6
31%
2021-2023 Espagne Ismaël Gharbi 7
29%
2022-2024 France Hugo Ekitike 26
28%
2020-2022 Brésil Rafinha 28
26%
2020-2021, 2022-2023 France Timothée Pembélé 11
22%
2021-2023 France El Chadaille Bitshiabu 14
19%
2020-2021 Espagne Jesé 2
19%
2020-2022 France Arnaud Kalimuendo 3
17%
2022-2023 France Ilyes Housni 1
15%
2020-2021 France Kays Ruiz-Atil 7
11%
2021-2022 France Eric Junior Dina Ebimbe 10
8%
2020-2021 France Bandiougou Fadiga 6
3%
2020-2021 France Kenny Nagera 1
3%
2021-2022 France Nathan Bitumazala 1
2%
2021-2022 France Djeidi Gassama 1
1%
2021-2022 France Sekou Yansané 1
0%
Aucun quiz correspondant
Distribution des résultats
% des personnes avec chaque résultat
Percentile par nombre de réponses
Votre historique - résultats
Vous n’avez pas pris ce quiz